Statistics for Largest European Cities by Letter - W

Click here to take the quiz!

General Stats

  • This quiz has been taken 70 times
  • The average score is 3 of 6

Answer Stats

Rank Population Country Hint City % Correct
11'615'000PolandCapitalWarsaw
100%
2637'000PolandEuropean Capital of Culture 2016Wroclaw
70%
3369'000GermanySuspension RailwayWuppertal
45%
5253'000United KingdomSt. Peter's Collegiate ChurchWolverhampton
33%
4268'000GermanySpa TownWiesbaden
32%
6194'000United KingdomImportant crossing place for River MerseyWarrington
15%

Score Distribution

Percentile by Number Answered

Percent of People with Each Score

Your Score History

You have not taken this quiz